Χριστιανικόν εγκόλπιον του εφήβου
Αποθηκεύτηκε σε:
| Κύριος συγγραφέας: | |
|---|---|
| Μορφή: | Βιβλίο |
| Γλώσσα: | Greek |
| Δημοσίευση: |
Αθήναι :
Σιδέρης, Ι.,
[19--]
|
| Θέματα: | |
| Ετικέτες: |
Προσθήκη ετικέτας
Δεν υπάρχουν, Καταχωρήστε ετικέτα πρώτοι!
|
MARC
| LEADER | 00000cam a2200000 i 4500 | ||
|---|---|---|---|
| 001 | 1/100512 | ||
| 008 | 090202q19601970 gre d | ||
| 035 | |l 10102884 | ||
| 040 | |a GR-MY-UA |b gre |e aacr | ||
| 041 | 0 | |a gre | |
| 082 | 0 | |a 248.83 |2 (22) | |
| 100 | 1 | |a Συμαίος, Κ. | |
| 245 | 1 | 0 | |a Χριστιανικόν εγκόλπιον του εφήβου / |c υπό Κ. Συμαίου |
| 260 | |a Αθήναι : |b Σιδέρης, Ι., |c [19--] | ||
| 300 | |a 247 σ.; |c 21 εκ. | ||
| 650 | 0 | 0 | |a Youth |x Conduct of life. |
| 650 | 0 | 0 | |a Christianity. |
| 650 | 0 | 0 | |a Teenagers |x Pastoral counseling of. |
| 852 | |a INST |b RHODES |c AKA |e 20090202 |h 248.83 ΣΥΜ |p 005400031766 |q 005400031766 |t BK |y 0 | ||
| 901 | |a BIBL4-2009-1 | ||
| 909 | |a Ρ |b 156764 | ||
| 970 | |a ΚΟΖΑ |b ΜΑΡΙΑ |z 2009/02/02 | ||